| 000 | 01201nam a2200265Ia 4500 | ||
|---|---|---|---|
| 999 |
_c21538 _d21538 |
||
| 001 | 20375 | ||
| 003 | DO-CoUTE | ||
| 005 | 20260204212633.0 | ||
| 008 | 220104s9999 dr 000 0 spa d | ||
| 040 |
_aDO-CoUTE _bspa _cDO-CoUTE |
||
| 041 | 0 | _aspa | |
| 082 | _aESP-INF 2020 M37 | ||
| 100 | 1 |
_aMessón Manzueta, Siorky Esther _esustentante |
|
| 245 | 1 | 0 | _aImplementación de Hot Potatoes como estrategias didáctica para el fortalicimiento del proceso de enseñanza aprendizaje de los docentes del Liceo Fello Santos Distrito 16-07 / Siorky Esther Messón Manzueta, Yaritza Acosta Rondón ; asesor Néstor Rojas |
| 260 |
_aCotuí, República Dominicana : _bUTECO, _c2020 |
||
| 300 | _a54 hojas | ||
| 500 | _aTesis ( Especialidad en Informática con Orientación a la Enseñanza)--Universidad Tecnológica del Cibao Oriental, 2020. | ||
| 504 | _aincluye referencia bibliográfica e índice | ||
| 650 | 4 | _aImplementación de Hot Potatoes como estrategias didáctica | |
| 700 | 1 |
_aRondón, Yaritza Acosta _esustentante |
|
| 700 | 1 |
_aRojas, Néstor _easesor |
|
| 830 | _aTesis y disertaciones académicas (Universidad Tecnológica del Cibao Oriental) | ||
| 942 |
_2LC _cBK |
||